| 000 | 00473nam a2200169Ia 4500 | ||
|---|---|---|---|
| 999 |
_c16297 _d16297 |
||
| 003 | OSt | ||
| 005 | 20200606115907.0 | ||
| 008 | 190216s9999||||xx |||||||||||||| ||und|| | ||
| 040 | _cMESKC library | ||
| 082 |
_a891.43 _bBHA/D |
||
| 100 |
_aBhatnagar, Manorama _9222 |
||
| 245 | 0 |
_aDhuryodhan / _cManorama Bhatnagar |
|
| 260 |
_bAnil Prakashan, _aDelhi: _c2000 |
||
| 300 | _a113p | ||
| 650 | _aHindi | ||
| 942 |
_cBK _2ddc _h891.43 _iBHA/D _k891.43 _mBHA/D |
||